000 02202cam a22002294a 4500
005 20250605164143.0
008 250528s ||||||||||||||||||||||||d
035 _a19056
020 _a9605240432
040 _aGR-AtMCL
_bgre
_dGR-AtMCL
_eAACR2
245 1 _aΟ Εγκέφαλος στο Χρόνο / Ανάπτυξη και Πλαστικότητα του Νευρικού Συστήματος
260 _bΠανεπιστημιακές Εκδόσεις Κρήτης,
_c1998
300 _a228
520 _aΜια συστηματική ξενάγηση στον εντυπωσιακό κόσμο της δημιουργίας, της ανάπτυξης και της φθοράς του νευρικού συστήματος. Πρόλογος, Πρώιμα Στάδια Ανάπτυξης του Κεντρικού Νευρικού Συστήματος, Διαφοροποίηση των Επιμέρους Περιοχών του Κεντρικού Νευρικού Συστήματος, Μετανάστευση Νευρώνων στο Κεντρικό Νευρικό Σύστημα, Καθοδήγηση και Επέκταση Νευραξόνων, Ανάπτυξη των Νευροδιαβιβαστών, Ανάπτυξη των Μετασυναπτικών Υποδοχέων, Υπόστροφα Γεγονότα κατά την Ανάπτυξη του Νευρικού Συστήματος, Παρεγκεφαλιδικές Μεταλλάξεις στο Εργαστηριακό Μύ: Συμβολή στην Κατανόηση Μηχανισμών Ιστοτυπικής Διαφοροποίησης και Συναπτογένεσης, Ο Ρόλος της Εμπειρίας στην Ανάπτυξη του Εγκεφάλου, Ενδοκρανιακά Μοσχεύματα Νευροβλαστών σε Γενετικά Πρότυπα Νευρωνικών Εκφυλίσεων, Ευρετήριο.
700 1 _aΚαραγωγέως Δόμνα
_95324
700 1 _aΚούβελας Ηλίας
_95325
700 1 _aΠαπαδόπουλος Γεώργιος Χ
_95326
700 1 _aΤριάρχου Λάζαρος Κ
_95327
942 _cBK
999 _c4340
_d4340